[Event "Roger Roy mem"]
[Site "Gatineau CAN"]
[Date "2007.11.13"]
[Round "5"]
[White "Pilon, Robert"]
[Black "MacIsaac, Alexandre"]
[Result "1-0"]
[WhiteElo "1575"]
[BlackElo "1305"]
[PlyCount "79"]
[GameId "2160767910578839"]
[EventDate "2007.10.16"]
[EventType "swiss"]
[EventRounds "5"]
[EventCountry "CAN"]
[SourceTitle "EXT 2022"]
[Source "ChessBase"]
[SourceDate "2021.10.06"]
[SourceVersion "1"]
[SourceVersionDate "2021.10.06"]
[SourceQuality "1"]

1. e4 e5 2. Nf3 Nc6 3. Bc4 Nd4 4. c3 Nxf3+ 5. Qxf3 Nf6 6. d4 exd4 7. e5 Qe7 8. cxd4 Qb4+ 9. Qc3 Ne4 10. a3 Qxc3+ 11. Nxc3 Nxc3 12. bxc3 d6 13. Bf4 dxe5 14. Bxe5 Bd6 15. Bxd6 cxd6 16. O-O O-O 17. Rfe1 Rd8 18. Bd5 Kf8 19. Re3 Rb8 20. Rae1 Bd7 21. Re7 Re8 22. Rxf7+ Kg8 23. Rxd7+ Kf8 24. Rf7+ Kg8 25. Rxb7+ Kh8 26. Ree7 Rbd8 27. g3 Rxe7 28. Rxe7 Rb8 29. Rxa7 h6 30. Rb7 Ra8 31. Rb3 Ra5 32. Be4 g5 33. c4 Ra6 34. c5 Kg7 35. c6 Ra8 36. c7 Rc8 37. Rb7 Kf6 38. Ra7 Ke6 39. Bf3 Kf5 40. Bb7 1-0

[Event "Roger Roy mem"]
[Site "Gatineau CAN"]
[Date "2007.11.13"]
[Round "5"]
[White "Scantland, Patrick"]
[Black "Arsenault, Yves"]
[Result "1-0"]
[Annotator "Lacourse,Guy"]
[WhiteElo "1707"]
[BlackElo "1486"]
[PlyCount "42"]
[GameId "2160767738660362"]
[EventDate "2007.10.16"]
[EventType "swiss"]
[EventRounds "5"]
[EventCountry "CAN"]

1. e4 c5 2. Nf3 Nc6 3. d4 cxd4 4. Nxd4 Nf6 5. Nc3 e5 6. Ndb5 d6 7. Bg5 Be7 8. Bxf6 gxf6 9. Nd5 Kf8 10. Nxe7 Kxe7 11. Qd2 a6 12. Nc3 Be6 13. Nd5+ Bxd5 14. Qxd5 Qa5+ 15. c3 Qxd5 16. exd5 Nb8 17. Bd3 Rg8 18. g3 h6 19. Kd2 Nd7 20. b4 b5 21. a4 Rab8 {illisible ,,,(46)} 1-0

[Event "Saturday Chess"]
[Site "Edmonton CAN"]
[Date "2007.06.09"]
[Round "1"]
[White "Li, Zhichao"]
[Black "Rekhson, Vladislav"]
[Result "1-0"]
[WhiteElo "2143"]
[BlackElo "2066"]
[PlyCount "77"]
[GameId "2160767910667720"]
[EventDate "2007.06.09"]
[EventType "swiss"]
[EventCountry "CAN"]

1. d4 Nf6 2. Nf3 e6 3. c4 d5 4. g3 Be7 5. Bg2 O-O 6. O-O c6 7. Qc2 a6 8. Nbd2 Nbd7 9. b3 b5 10. e4 dxe4 11. Ng5 Bb7 12. c5 e5 13. Ndxe4 exd4 14. b4 a5 15. Bb2 Nxe4 16. Nxe4 f5 17. Nd2 Nf6 18. Qxf5 axb4 19. Nb3 Qd7 20. Qxd7 Nxd7 21. Bxd4 Bf6 22. Bxf6 Rxf6 23. Rfd1 Ne5 24. Nd4 Ng4 25. Rd2 Rd8 26. Rad1 Ne5 27. Nxb5 Rxd2 28. Rxd2 cxb5 29. Bxb7 Nf3+ 30. Bxf3 Rxf3 31. Rd8+ Kf7 32. Rb8 b3 33. Rb7+ Ke6 34. axb3 Rxb3 35. Rxg7 Rc3 36. Rxh7 Rxc5 37. Rb7 Kd5 38. h4 Rc1+ 39. Kg2 1-0

[Event "Saturday Chess"]
[Site "Edmonton CAN"]
[Date "2007.06.09"]
[Round "2"]
[White "McCullough, Robert"]
[Black "Li, Zhichao"]
[Result "0-1"]
[WhiteElo "1896"]
[BlackElo "2143"]
[PlyCount "60"]
[GameId "2160767910667721"]
[EventDate "2007.06.09"]
[EventType "swiss"]
[EventCountry "CAN"]

1. d4 d5 2. c4 c6 3. Nc3 dxc4 4. e4 b5 5. a4 b4 6. Na2 e6 7. Nf3 a5 8. Bxc4 Nf6 9. Bg5 Be7 10. Qc2 O-O 11. O-O h6 12. Bh4 Qb6 13. e5 Nd5 14. Qe4 Ba6 15. Rac1 Bxh4 16. Qxh4 Nd7 17. Rfe1 Rfe8 18. Re4 Nf8 19. Rg4 Ng6 20. Qh5 Ndf4 21. Rxf4 Nxf4 22. Qg4 Ne2+ 23. Bxe2 Bxe2 24. Re1 Bxf3 25. gxf3 Rad8 26. Re4 c5 27. dxc5 Qxc5 28. f4 Rd4 29. Re3 Qd5 30. b3 Rd1+ 0-1

[Event "Scarborough CC Early Summer Swiss"]
[Site "Toronto CAN"]
[Date "2007.05.10"]
[Round "1"]
[White "Chuderski, Jan"]
[Black "Paterson, Jim"]
[Result "0-1"]
[Annotator "Armstrong,Robert"]
[WhiteElo "1559"]
[BlackElo "1858"]
[PlyCount "100"]
[GameId "2160767910684557"]
[EventDate "2007.05.10"]
[EventType "swiss"]
[EventRounds "8"]
[EventCountry "CAN"]

1. d4 d5 2. Nf3 g6 3. Bf4 Bg7 4. c3 Nf6 5. Nbd2 O-O 6. e3 b6 7. Be2 c5 8. O-O Nc6 9. Re1 Bf5 10. Bb5 Qc8 11. Bxc6 Qxc6 12. Ne5 Qc8 13. Qa4 Re8 14. Qc6 Qxc6 15. Nxc6 Bd3 16. h3 Bb5 17. Ne5 Ne4 18. Nxe4 dxe4 19. Ng4 f5 20. Ne5 Bf6 21. Bh2 Red8 22. a4 Be8 23. g4 e6 24. Kh1 cxd4 25. cxd4 Rac8 26. b4 Rc2 27. Bg3 g5 28. Kg1 h5 29. b5 Rdc8 30. Kf1 Kg7 31. Re2 R8c3 32. Rxc2 Rxc2 33. Ke1 h4 34. Bh2 Be7 35. Rb1 Ba3 36. Bg1 Kf6 37. Kd1 Ra2 38. Nc6 Bd6 39. Ke1 Rxa4 40. Kf1 a6 41. bxa6 Rxa6 42. Nb4 Ra7 43. Nc2 b5 44. Kg2 f4 45. exf4 gxf4 46. Kf1 b4 47. Ra1 Rxa1+ 48. Nxa1 Ba4 49. Ke2 b3 50. Kd2 b2 0-1

[Event "Scarborough CC Early Summer Swiss"]
[Site "Toronto CAN"]
[Date "2007.05.10"]
[Round "1"]
[White "Graham, John"]
[Black "Verde, Pino"]
[Result "1/2-1/2"]
[Annotator "Armstrong,Robert"]
[WhiteElo "1476"]
[BlackElo "1762"]
[PlyCount "125"]
[GameId "2160767910684559"]
[EventDate "2007.05.10"]
[EventType "swiss"]
[EventRounds "8"]
[EventCountry "CAN"]

1. c4 Nf6 2. Nc3 e5 3. d3 d5 4. Bg5 Bc5 5. h3 h6 6. Bh4 d4 7. Ne4 Bb4+ 8. Nd2 Nc6 9. a3 Be7 10. Ngf3 e4 11. Bxf6 exf3 12. Bxe7 Qxe7 13. Nxf3 Bf5 14. Qb3 Rb8 15. Rd1 O-O 16. g4 Be6 17. Bg2 b5 18. Qc2 bxc4 19. dxc4 Rfd8 20. O-O Qf6 21. b4 Ne7 22. c5 Ng6 23. Rfe1 Nf4 24. Bf1 d3 25. exd3 Nxh3+ 26. Bxh3 Qxf3 27. Re3 Qf6 28. Rde1 Rd4 29. Qe2 Rbd8 30. g5 Qxg5+ 31. Rg3 Qd5 32. Bxe6 Qxe6 33. Qxe6 fxe6 34. Rxe6 Rxd3 35. Rxd3 Rxd3 36. Ra6 Rd7 37. Rxa7 Kf7 38. Ra6 Ke7 39. Rc6 Kd8 40. Re6 Rd3 41. Ra6 Kd7 42. Kg2 h5 43. Rg6 Rxa3 44. Rxg7+ Kc6 45. f3 Rb3 46. Rg5 h4 47. Rg4 h3+ 48. Kg3 h2 49. Rh4 Rxb4 50. Rxh2 Kxc5 51. Rc2+ Kd6 52. f4 c5 53. Kg4 Kd5 54. Kg5 c4 55. f5 Kd4 56. f6 Kd3 57. Rf2 Rb8 58. Kg6 c3 59. f7 c2 60. Rxc2 Kxc2 61. Kg7 Kd3 62. f8=Q Rxf8 63. Kxf8 1/2-1/2

[Event "Scarborough CC Early Summer Swiss"]
[Site "Toronto CAN"]
[Date "2007.05.10"]
[Round "1"]
[White "Jizan, Masoud"]
[Black "Garel, Rick"]
[Result "0-1"]
[Annotator "Armstrong,Robert"]
[WhiteElo "1622"]
[BlackElo "1968"]
[PlyCount "104"]
[GameId "2160767910684560"]
[EventDate "2007.05.10"]
[EventType "swiss"]
[EventRounds "8"]
[EventCountry "CAN"]

1. e4 c6 2. d4 d5 3. e5 Bf5 4. Bd3 Bxd3 5. Qxd3 e6 6. Nh3 Nd7 7. c3 Qb6 8. O-O c5 9. Nd2 Ne7 10. Ng5 h6 11. Qh3 cxd4 12. cxd4 Ng6 13. Ngf3 Nf4 14. Qg4 Ne2+ 15. Kh1 h5 16. Qg5 Nxd4 17. Nxd4 Qxd4 18. Nf3 Qg4 19. Be3 Qxg5 20. Bxg5 Be7 21. Be3 Nb6 22. b3 Kd7 23. a4 Nc8 24. Rfc1 Bd8 25. Ng5 f6 26. Nf3 Ne7 27. b4 Nc6 28. exf6 gxf6 29. a5 e5 30. Bc5 b6 31. axb6 Bxb6 32. Ra6 Rab8 33. b5 Nd4 34. Nxd4 exd4 35. Bxb6 Rxb6 36. Rxa7+ Kd6 37. Rcc7 Rxb5 38. Rd7+ Ke6 39. Re7+ Kf5 40. g3 d3 41. Re1 d2 42. Rd1 Rb2 43. f3 Re8 44. Raa1 Re2 45. Kg1 Ke5 46. h4 d4 47. Kf1 d3 48. Ra5+ Kd4 49. Rxh5 Ke3 50. Rf5 Re1+ 51. Rxe1+ dxe1=Q+ 52. Kxe1 Rb1# 0-1

[Event "Scarborough CC Early Summer Swiss"]
[Site "Toronto CAN"]
[Date "2007.05.10"]
[Round "1"]
[White "Karpik, Steve"]
[Black "Hall, John2"]
[Result "0-1"]
[WhiteElo "1637"]
[BlackElo "2084"]
[PlyCount "74"]
[GameId "2160767910684561"]
[EventDate "2007.05.10"]
[EventType "swiss"]
[EventRounds "8"]
[EventCountry "CAN"]
[SourceTitle "EXT 2022"]
[Source "ChessBase"]
[SourceDate "2021.10.06"]
[SourceVersion "1"]
[SourceVersionDate "2021.10.06"]
[SourceQuality "1"]

1. Nf3 d5 2. c4 d4 3. b4 f6 4. Bb2 e5 5. d3 Bxb4+ 6. Nbd2 Nc6 7. g3 Nge7 8. Bg2 O-O 9. O-O Bg4 10. a3 Bxd2 11. Nxd2 f5 12. Nb3 Qd6 13. Qc2 a5 14. Rac1 a4 15. Nd2 Bxe2 16. Ne4 fxe4 17. Qxe2 exd3 18. Qxd3 Na5 19. Be4 g6 20. Rce1 Nb3 21. Qc2 Nc5 22. Rd1 Nxe4 23. Qxe4 Nc6 24. Rfe1 Rf5 25. Bc1 Raf8 26. f4 exf4 27. Bxf4 Qxa3 28. Qe6+ Kg7 29. Be5+ Nxe5 30. Rxe5 Qd6 31. Qe7+ Qxe7 32. Rxe7+ R8f7 33. Rxf7+ Kxf7 34. Rxd4 Rc5 35. Rd7+ Ke6 36. Rd4 Ke5 37. Rg4 a3 0-1

[Event "Scarborough CC Early Summer Swiss"]
[Site "Toronto CAN"]
[Date "2007.05.10"]
[Round "1"]
[White "Lamb, Bryan"]
[Black "Philip, Andrew"]
[Result "1/2-1/2"]
[Annotator "Armstrong,Robert"]
[WhiteElo "2204"]
[BlackElo "1642"]
[PlyCount "94"]
[GameId "2160767910684562"]
[EventDate "2007.05.10"]
[EventType "swiss"]
[EventRounds "8"]
[EventCountry "CAN"]

1. c4 Nf6 2. Nc3 g6 3. g3 Bg7 4. Bg2 O-O 5. d4 d6 6. Nf3 c6 7. e4 Nbd7 8. O-O e5 9. h3 Ne8 10. Re1 Qc7 11. Be3 b6 12. Qd2 Ba6 13. b3 f6 14. Re2 Rd8 15. Rf1 Bb7 16. Ne1 a6 17. Nc2 b5 18. f4 bxc4 19. bxc4 Nb6 20. Qd3 c5 21. dxc5 dxc5 22. Nd5 Nxd5 23. exd5 Nd6 24. g4 a5 25. Bd2 Ba6 26. Na3 Rb8 27. Bc3 exf4 28. Rxf4 f5 29. Rf1 Rbe8 30. Rfe1 Rxe2 31. Rxe2 fxg4 32. hxg4 Rf4 33. Qe3 Bd4 34. Bxd4 Rxd4 35. Qe6+ Kg7 36. Qe5+ Kg8 37. Rf2 Rd1+ 38. Bf1 Qd8 39. Kg2 Rd4 40. Qe6+ Kg7 41. Nc2 Re4 42. Rf7+ Nxf7 43. Qxe4 Qd6 44. Ne3 Ng5 45. Qf5 Qf6 46. Qd7+ Kh6 47. Be2 Qe5 1/2-1/2

[Event "Scarborough CC Early Summer Swiss"]
[Site "Toronto CAN"]
[Date "2007.05.10"]
[Round "1"]
[White "Mesiti, Silvano"]
[Black "Arfin, Sam"]
[Result "1/2-1/2"]
[Annotator "Armstrong,Robert"]
[WhiteElo "1748"]
[BlackElo "1410"]
[PlyCount "76"]
[GameId "2160767910684563"]
[EventDate "2007.05.10"]
[EventType "swiss"]
[EventRounds "8"]
[EventCountry "CAN"]

1. e4 c5 2. Nf3 Nc6 3. d4 cxd4 4. Nxd4 g6 5. c3 Bg7 6. Be3 Nf6 7. Bd3 d5 8. exd5 Nxd5 9. Nc2 Nxe3 10. Nxe3 O-O 11. O-O Be6 12. Qc2 Qc7 13. Na3 a6 14. Bc4 Bxc4 15. Naxc4 Rfd8 16. Rad1 e6 17. Rfe1 b5 18. Nd2 Rac8 19. Qb1 Ne5 20. Ne4 a5 21. a3 h6 22. h3 f5 23. Nd2 Nd3 24. Rf1 e5 25. Nb3 e4 26. Nc1 Nxc1 27. Qxc1 Rd3 28. Qc2 Rcd8 29. Qb3+ Kh7 30. Qxb5 f4 31. Rxd3 exd3 32. Nd1 d2 33. Qe2 Qd7 34. Qg4 Qd3 35. Qf3 Qc4 36. g3 fxg3 37. Qxg3 Re8 38. Ne3 Qe2 1/2-1/2

[Event "Scarborough CC Early Summer Swiss"]
[Site "Toronto CAN"]
[Date "2007.05.10"]
[Round "1"]
[White "Moran, Mario"]
[Black "Samaroo, Muneshwar"]
[Result "1-0"]
[Annotator "Armstrong,Robert"]
[WhiteElo "1764"]
[BlackElo "1513"]
[PlyCount "65"]
[GameId "2160767910684564"]
[EventDate "2007.05.10"]
[EventType "swiss"]
[EventRounds "8"]
[EventCountry "CAN"]

1. e4 c5 2. f4 d6 3. Nf3 Nc6 4. Bb5 g6 5. d4 cxd4 6. Qxd4 f6 7. Qd5 Bd7 8. f5 g5 9. Nc3 a6 10. Bc4 Nh6 11. a3 Na5 12. Ba2 Bc6 13. Qd4 b5 14. Nxg5 Bd7 15. Ne6 Bxe6 16. Bxe6 Nf7 17. b4 Nc6 18. Bxf7+ Kxf7 19. Qd5+ Ke8 20. Qxc6+ Kf7 21. Qd5+ Ke8 22. O-O Rc8 23. Bb2 h5 24. Qe6 Qb6+ 25. Kh1 Rxc3 26. Bxc3 Bg7 27. Rf3 h4 28. Rd1 Qc7 29. Rdd3 Kf8 30. Bd4 h3 31. Rc3 hxg2+ 32. Kg1 Qxc3 33. Rxc3 1-0

[Event "Scarborough CC Early Summer Swiss"]
[Site "Toronto CAN"]
[Date "2007.05.10"]
[Round "1"]
[White "Moysoski, Randy"]
[Black "Morra, Lui"]
[Result "1-0"]
[Annotator "Armstrong,Robert"]
[WhiteElo "1941"]
[BlackElo "1578"]
[PlyCount "65"]
[GameId "2160767910684565"]
[EventDate "2007.05.10"]
[EventType "swiss"]
[EventRounds "8"]
[EventCountry "CAN"]

1. e4 c5 2. Nc3 Nc6 3. g3 g6 4. Bg2 Bg7 5. d3 Nf6 6. Bg5 O-O 7. Qd2 Re8 8. Nh3 d6 9. f3 Nd4 10. Nf2 Be6 11. g4 b5 12. h4 h5 13. Bxf6 Bxf6 14. gxh5 d5 15. hxg6 fxg6 16. Ng4 Bg7 17. h5 Qd6 18. h6 Qg3+ 19. Qf2 Nxc2+ 20. Kd2 Qxf2+ 21. Nxf2 Bd4 22. Kxc2 Bxf2 23. Nxb5 Rec8 24. exd5 Bxd5 25. Nc3 Be6 26. Ne4 Bd4 27. f4 Rab8 28. Rab1 Bxa2 29. Nd2 Bxb1+ 30. Rxb1 Kh7 31. Nc4 Kxh6 32. Re1 Rb7 33. Bxb7 1-0

[Event "Scarborough CC Early Summer Swiss"]
[Site "Toronto CAN"]
[Date "2007.05.10"]
[Round "1"]
[White "Pratt, Kyle"]
[Black "Perez, Michael"]
[Result "0-1"]
[WhiteElo "1662"]
[BlackElo "1697"]
[PlyCount "62"]
[GameId "2160767910684567"]
[EventDate "2007.05.10"]
[EventType "swiss"]
[EventRounds "8"]
[EventCountry "CAN"]
[SourceTitle "EXT 2022"]
[Source "ChessBase"]
[SourceDate "2021.10.06"]
[SourceVersion "1"]
[SourceVersionDate "2021.10.06"]
[SourceQuality "1"]

1. e4 c5 2. Nf3 d6 3. d4 cxd4 4. Nxd4 g6 5. Be3 Bg7 6. Nc3 Nf6 7. Be2 O-O 8. Qd2 Ng4 9. Bxg4 Bxg4 10. f3 Bd7 11. Bh6 Nc6 12. Bxg7 Kxg7 13. O-O-O Rc8 14. g4 Ne5 15. h4 Nc4 16. Qh2 Qb6 17. Nb3 Qe3+ 18. Kb1 Qxf3 19. h5 g5 20. h6+ Kh8 21. Nd4 Qxg4 22. Rdg1 Qf4 23. Qh5 Nd2+ 24. Ka1 f6 25. Nde2 Qe5 26. Rd1 Nc4 27. Rd5 Qe6 28. Nd4 Qf7 29. Qxf7 Rxf7 30. Nf5 Rc6 31. Rb5 Rb6 0-1

[Event "Scarborough CC Early Summer Swiss"]
[Site "Toronto CAN"]
[Date "2007.05.10"]
[Round "1"]
[White "Rapoport, Alexander"]
[Black "Wu, Aaron"]
[Result "1/2-1/2"]
[WhiteElo "2002"]
[BlackElo "1627"]
[PlyCount "61"]
[GameId "2160767910684568"]
[EventDate "2007.05.10"]
[EventType "swiss"]
[EventRounds "8"]
[EventCountry "CAN"]

1. d4 Nf6 2. Nd2 g6 3. e4 d6 4. Ngf3 Bg7 5. Bc4 O-O 6. Bb3 Nbd7 7. O-O e5 8. c3 b6 9. Re1 Bb7 10. h3 h6 11. g3 Re8 12. Qc2 exd4 13. cxd4 Nf8 14. e5 N6d7 15. Nh4 dxe5 16. Nxg6 exd4 17. Rf1 Nxg6 18. Qxg6 Qf6 19. Qxf6 Nxf6 20. Nc4 Rad8 21. Bd2 Ne4 22. Bf4 Re7 23. Rfe1 Rde8 24. Ba4 c6 25. Bc2 Ng5 26. Rxe7 Rxe7 27. Bxg5 hxg5 28. Bd3 Ba6 29. Rd1 Bxc4 30. Bxc4 b5 31. Bd3 1/2-1/2

[Event "Scarborough CC Early Summer Swiss"]
[Site "Toronto CAN"]
[Date "2007.05.10"]
[Round "1"]
[White "Roe, Jim"]
[Black "Deiseach, Donald"]
[Result "0-1"]
[Annotator "Armstrong,Robert"]
[WhiteElo "1603"]
[BlackElo "1957"]
[PlyCount "56"]
[GameId "2160767910684569"]
[EventDate "2007.05.10"]
[EventType "swiss"]
[EventRounds "8"]
[EventCountry "CAN"]

1. d4 d5 2. c4 dxc4 3. e3 c5 4. Bxc4 cxd4 5. Qxd4 Qxd4 6. exd4 Nf6 7. Nf3 e6 8. Nc3 Nc6 9. a3 Bd6 10. O-O O-O 11. Bg5 h6 12. Bh4 a6 13. Rad1 b5 14. Ba2 b4 15. axb4 Nxb4 16. Bb1 Bb7 17. Ne5 Nfd5 18. Bg3 Rfd8 19. Rfe1 Rac8 20. Ne4 Bb8 21. Nc5 Ba8 22. Ned3 Ba7 23. Nxb4 Nxb4 24. Nb3 Bd5 25. Re3 Nc2 26. Red3 Bxb3 27. Rxb3 Nxd4 28. Rbd3 Ne2+ 0-1

[Event "Scarborough CC Early Summer Swiss"]
[Site "Toronto CAN"]
[Date "2007.05.10"]
[Round "1"]
[White "Shah, Vanshil"]
[Black "Bellomo, Joe"]
[Result "0-1"]
[Annotator "Armstrong,Robert"]
[WhiteElo "1239"]
[BlackElo "1727"]
[PlyCount "70"]
[GameId "2160767910684570"]
[EventDate "2007.05.10"]
[EventType "swiss"]
[EventRounds "8"]
[EventCountry "CAN"]

1. e4 c5 2. d3 Nc6 3. Nf3 d6 4. d4 cxd4 5. Bb5 Qa5+ 6. Nc3 dxc3 7. bxc3 Qxb5 8. Bd2 Nf6 9. Rb1 Qh5 10. c4 Nxe4 11. Rb5 Qg4 12. h3 Qe6 13. Ng5 Nxg5+ 14. Qe2 Qxe2+ 15. Kxe2 Nd4+ 16. Ke1 Nxb5 17. Bxg5 Nd4 18. Be3 Nxc2+ 19. Ke2 Nxe3 20. Kxe3 Be6 21. Re1 g6 22. Kd2 Bg7 23. Rc1 O-O 24. c5 Bh6+ 25. Kd1 Bxc1 26. Kxc1 dxc5 27. g4 Rfd8 28. h4 Rd4 29. Kb2 Rad8 30. Kc3 Rc4+ 31. Kb3 Rd3+ 32. Kb2 a5 33. g5 a4 34. h5 a3+ 35. Kb1 Rd1# 0-1

[Event "Scarborough CC Early Summer Swiss"]
[Site "Toronto CAN"]
[Date "2007.05.10"]
[Round "1"]
[White "Termeer, Ted"]
[Black "Sherman, Joshua"]
[Result "0-1"]
[WhiteElo "1284"]
[BlackElo "1745"]
[PlyCount "84"]
[GameId "2160767910684571"]
[EventDate "2007.05.10"]
[EventType "swiss"]
[EventRounds "8"]
[EventCountry "CAN"]
[SourceTitle "EXT 2022"]
[Source "ChessBase"]
[SourceDate "2021.10.06"]
[SourceVersion "1"]
[SourceVersionDate "2021.10.06"]
[SourceQuality "1"]

1. Nf3 Nf6 2. d4 g6 3. e3 Bg7 4. c3 O-O 5. Bd3 d5 6. h3 Nbd7 7. Nbd2 Re8 8. Ne5 e6 9. Ndf3 Nxe5 10. Nxe5 Nd7 11. Nxd7 Bxd7 12. Qc2 e5 13. dxe5 Bxe5 14. Bd2 c5 15. O-O c4 16. Be2 b5 17. f4 Bc7 18. Bf3 Bf5 19. Qd1 Bb6 20. Re1 Qd6 21. g4 Bd3 22. Kg2 Rad8 23. Qc1 Be4 24. h4 Qe6 25. Qd1 Qxg4+ 26. Kf2 Qxh4+ 27. Kg2 Qg4+ 28. Kf2 Qxf3+ 29. Qxf3 Bxf3 30. Kxf3 f5 31. Rh1 h5 32. Rag1 Kf7 33. Rg5 Rd6 34. b3 Rde6 35. Re1 d4 36. cxd4 Bxd4 37. e4 fxe4+ 38. Ke2 c3 39. Bc1 a6 40. f5 Rf6 41. fxg6+ Kg7 42. Rxh5 Rf2+ 0-1

[Event "Scarborough CC Early Summer Swiss"]
[Site "Toronto CAN"]
[Date "2007.05.10"]
[Round "1"]
[White "Villalobos, Oscar"]
[Black "Armstrong, Robert J"]
[Result "0-1"]
[Annotator "Armstrong,Robert"]
[WhiteElo "1528"]
[BlackElo "1815"]
[PlyCount "68"]
[GameId "2160767910684572"]
[EventDate "2007.05.10"]
[EventType "swiss"]
[EventRounds "8"]
[EventCountry "CAN"]

1. g3 g6 2. Bg2 Bg7 3. e4 d6 4. d3 Nf6 5. Nc3 O-O 6. Nf3 c6 7. h3 e5 8. O-O Nh5 9. Bg5 f6 10. Be3 Qe8 11. Ne2 f5 12. Qd2 Qf7 13. c3 f4 14. gxf4 Nxf4 15. Nxf4 exf4 16. Bd4 Nd7 17. Bxg7 Qxg7 18. d4 g5 19. Nh2 Nf6 20. f3 Nh5 21. Rf2 Ng3 22. Nf1 Qh6 23. Nxg3 fxg3 24. Re2 Rf4 25. e5 Bxh3 26. Bxh3 Qxh3 27. exd6 Raf8 28. Re7 Kh8 29. Qg2 Qh4 30. Rae1 g4 31. R1e4 gxf3 32. Rxf4 Qxf4 33. Qh3 f2+ 34. Kg2 f1=Q# 0-1

[Event "Scarborough CC Early Summer Swiss"]
[Site "Toronto CAN"]
[Date "2007.05.10"]
[Round "1"]
[White "Yuan, Yuanling"]
[Black "Gillis, Doug"]
[Result "1-0"]
[Annotator "Armstrong,Robert"]
[WhiteElo "1895"]
[BlackElo "1558"]
[PlyCount "69"]
[GameId "2160767910684573"]
[EventDate "2007.05.10"]
[EventType "swiss"]
[EventRounds "8"]
[EventCountry "CAN"]

1. e4 e6 2. d4 d5 3. e5 c5 4. c3 Qb6 5. Nf3 Bd7 6. Be2 Bb5 7. O-O Bxe2 8. Qxe2 Qa6 9. Qc2 Ne7 10. dxc5 Nd7 11. b4 Ng6 12. Re1 Rc8 13. a4 Qc4 14. Nbd2 Qg4 15. h3 Qf5 16. Qxf5 exf5 17. Nd4 f4 18. N2f3 Be7 19. Nf5 O-O 20. Bxf4 b6 21. cxb6 Nxb6 22. Nxe7+ Nxe7 23. a5 Nc4 24. Nd4 Ng6 25. Bg3 Nd2 26. Nb5 a6 27. Rad1 Ne4 28. Nd6 Nxd6 29. exd6 Rxc3 30. Rxd5 Rd8 31. d7 Kf8 32. Bd6+ Kg8 33. Re8+ Rxe8 34. dxe8=Q+ Nf8 35. Qxf8# 1-0

[Event "Scarborough CC Early Summer Swiss"]
[Site "Toronto CAN"]
[Date "2007.05.17"]
[Round "2"]
[White "Arfin, Sam"]
[Black "Rapoport, Alexander"]
[Result "0-1"]
[WhiteElo "1410"]
[BlackElo "2002"]
[PlyCount "90"]
[GameId "2160767910684574"]
[EventDate "2007.05.10"]
[EventType "swiss"]
[EventRounds "8"]
[EventCountry "CAN"]

1. e4 c5 2. Nf3 e6 3. d4 cxd4 4. Nxd4 a6 5. Nc3 Qc7 6. Bd3 Nc6 7. Nxc6 bxc6 8. O-O Nf6 9. f4 Bc5+ 10. Kh1 d6 11. Qe2 e5 12. fxe5 Bg4 13. Qe1 dxe5 14. Qg3 h5 15. Na4 h4 16. Qe1 Ba7 17. Be3 Nh5 18. Bxa7 Ng3+ 19. Kg1 Qxa7+ 20. Qf2 Nxf1 21. Qxa7 Rxa7 22. Rxf1 Ke7 23. Nc5 a5 24. Bc4 f6 25. h3 Bh5 26. Re1 Rd8 27. Bd3 Bf7 28. a4 Kd6 29. Nb3 Bxb3 30. cxb3 Ke7 31. Bc4 Rd2 32. Re2 Rad7 33. Kf2 R7d4 34. Rxd2 Rxd2+ 35. Kf3 Rxb2 36. Bg8 g6 37. Bc4 f5 38. exf5 gxf5 39. g4 hxg3 40. Kxg3 Kf6 41. Kf3 Kg5 42. Kg3 f4+ 43. Kf3 Rh2 44. Be6 Kf6 45. Bc8 Rb2 0-1

[Event "Scarborough CC Early Summer Swiss"]
[Site "Toronto CAN"]
[Date "2007.05.17"]
[Round "2"]
[White "Deiseach, Donald"]
[Black "Perez, Michael"]
[Result "1-0"]
[WhiteElo "1952"]
[BlackElo "1697"]
[PlyCount "92"]
[GameId "2160767910684575"]
[EventDate "2007.05.10"]
[EventType "swiss"]
[EventRounds "8"]
[EventCountry "CAN"]
[SourceTitle "EXT 2022"]
[Source "ChessBase"]
[SourceDate "2021.10.06"]
[SourceVersion "1"]
[SourceVersionDate "2021.10.06"]
[SourceQuality "1"]

1. e4 c5 2. Nf3 d6 3. d4 cxd4 4. Nxd4 g6 5. c4 Bg7 6. Nc3 Nf6 7. Be2 O-O 8. O-O Nc6 9. Be3 Ne5 10. h3 Be6 11. b3 Qd7 12. f4 Nc6 13. Qd2 Bxh3 14. gxh3 Qxh3 15. Rf2 Ng4 16. Bxg4 Qxg4+ 17. Rg2 Qh3 18. Rd1 e5 19. Nde2 exf4 20. Nxf4 Qf3 21. Rf1 Qxe3+ 22. Qxe3 Bd4 23. Re2 a6 24. Kg2 Bxe3 25. Rxe3 Rfe8 26. Ncd5 Re5 27. Nd3 Rg5+ 28. Kh3 Ne5 29. N3f4 h5 30. Rg3 Rxg3+ 31. Kxg3 Kg7 32. Rd1 b5 33. Nd3 bxc4 34. Nxe5 dxe5 35. bxc4 Rd8 36. c5 Rc8 37. Rc1 Rc6 38. Nb4 Rc8 39. c6 f5 40. exf5 gxf5 41. c7 Kf6 42. Nd5+ Kf7 43. Nb6 Rg8+ 44. Kh4 e4 45. c8=Q Rxc8 46. Rxc8 a5 1-0

[Event "Scarborough CC Early Summer Swiss"]
[Site "Toronto CAN"]
[Date "2007.05.17"]
[Round "2"]
[White "Gillis, Doug"]
[Black "Shah, Vanshil"]
[Result "1-0"]
[WhiteElo "1558"]
[BlackElo "1239"]
[PlyCount "51"]
[GameId "2160767910684576"]
[EventDate "2007.05.10"]
[EventType "swiss"]
[EventRounds "8"]
[EventCountry "CAN"]
[SourceTitle "EXT 2022"]
[Source "ChessBase"]
[SourceDate "2021.10.06"]
[SourceVersion "1"]
[SourceVersionDate "2021.10.06"]
[SourceQuality "1"]

1. e4 e5 2. Nf3 Nf6 3. Nc3 Nc6 4. Bb5 Ne7 5. Nxe5 g6 6. Bc4 Nfd5 7. exd5 f6 8. Nf3 Ng8 9. O-O Ne7 10. Re1 c6 11. d6 Qb6 12. dxe7 Bxe7 13. d4 d5 14. Qe2 O-O 15. Qxe7 Qd8 16. Qxd8 Rxd8 17. Bd3 Bg4 18. h3 Bh5 19. g4 Rd7 20. gxh5 Rg7 21. Bh6 Rc7 22. Re6 Rf7 23. Rae1 Kh8 24. Re8+ Rxe8 25. Rxe8+ Rf8 26. Rxf8# 1-0

[Event "Scarborough CC Early Summer Swiss"]
[Site "Toronto CAN"]
[Date "2007.05.17"]
[Round "2"]
[White "Morra, Lui"]
[Black "Termeer, Ted"]
[Result "0-1"]
[WhiteElo "1578"]
[BlackElo "1384"]
[PlyCount "70"]
[GameId "2160767910684577"]
[EventDate "2007.05.10"]
[EventType "swiss"]
[EventRounds "8"]
[EventCountry "CAN"]
[SourceTitle "EXT 2022"]
[Source "ChessBase"]
[SourceDate "2021.10.06"]
[SourceVersion "1"]
[SourceVersionDate "2021.10.06"]
[SourceQuality "1"]

1. e4 e5 2. Nf3 d6 3. Bc4 h6 4. d4 exd4 5. Nxd4 Nf6 6. Nc3 a6 7. a4 Bd7 8. Be3 Nc6 9. Nxc6 Bxc6 10. Qd3 Be7 11. O-O Ng4 12. Bd4 Ne5 13. Qe2 Bf6 14. Bb3 O-O 15. Nd5 Bxd5 16. Bxd5 c6 17. Bb3 Nf3+ 18. Qxf3 Bxd4 19. c3 Ba7 20. Rad1 Bb8 21. Qg4 Qb6 22. Bc4 Qxb2 23. e5 d5 24. Bd3 Qxc3 25. Qf5 g6 26. Qh3 Qxe5 27. Qxh6 Qh5 28. Qxh5 gxh5 29. Rfe1 f6 30. Bg6 Kg7 31. Bxh5 Rh8 32. Bg4 Bxh2+ 33. Kf1 Bd6 34. Re6 Bc5 35. Rb1 Rh1+ 0-1